Jurisprudence or legal theory. (Record no. 82345)

MARC details
000 -LEADER
fixed length control field 00606cam a22002171 4500
001 - CONTROL NUMBER
control field sa 68008283
003 - CONTROL NUMBER IDENTIFIER
control field DLC
005 - DATE AND TIME OF LATEST TRANSACTION
control field 20260227112531.0
008 - FIXED-LENGTH DATA ELEMENTS--GENERAL INFORMATION
fixed length control field 830727s1967 ii b 000 0 eng
010 ## - LIBRARY OF CONGRESS CONTROL NUMBER
LC control number sa 68008283
035 ## - SYSTEM CONTROL NUMBER
System control number (OCoLC)9743321
040 ## - CATALOGING SOURCE
Original cataloging agency DLC
Transcribing agency ViU-L
Modifying agency DLC
042 ## - AUTHENTICATION CODE
Authentication code premarc
050 00 - LIBRARY OF CONGRESS CALL NUMBER
Classification number K230.D378
Item number A35 1967
100 1# - MAIN ENTRY--PERSONAL NAME
Personal name David, Monica.
245 10 - TITLE STATEMENT
Title Jurisprudence or legal theory.
Statement of responsibility, etc. With a foreword by R. Sadasivam.
260 ## - PUBLICATION, DISTRIBUTION, ETC.
Place of publication, distribution, etc. Madras,
Name of publisher, distributor, etc. Vimala Publications
Date of publication, distribution, etc. [1967]
300 ## - PHYSICAL DESCRIPTION
Extent xvi, 260 p.
Dimensions 21 cm.
504 ## - BIBLIOGRAPHY, ETC. NOTE
Bibliography, etc. note Bibliography: p. [259]-260.
650 #0 - SUBJECT ADDED ENTRY--TOPICAL TERM
Topical term or geographic name entry element Jurisprudence.

No items available.

Powered by Koha